Wszystkie filmy animowane studia Ghibli - Statystyki

Ogólne statystyki
  • Ten quiz został rozwiązany 6 razy
  • Średni wynik to 9 z 26
Statystyki odpowiedzi
Rok premiery Tytuł % Poprawnych
2023 Chłopiec i czapla
67%
1988 Mój sąsiad Totoro
67%
1989 Podniebna poczta Kiki
67%
2001 Spirited Away: W krainie bogów
67%
1988 Grobowiec świetlików
50%
2013 Księżniczka Kaguya
50%
1997 Księżniczka Mononoke
50%
2002 Narzeczona dla kota
50%
1991 Powrót do marzeń
50%
2004 Ruchomy zamek Hauru
50%
1986 Laputa – podniebny zamek
33%
2014 Marnie. Przyjaciółka ze snów
33%
1984 Nausicaä z Doliny Wiatru
33%
2006 Opowieści z Ziemiomorza
33%
1992 Szkarłatny pilot
33%
1994 Szopy w natarciu
33%
2013 Zrywa się wiatr
33%
2016 Czerwony żółw
17%
2011 Makowe wzgórze
17%
2008 Ponyo
17%
1999 Rodzinka Yamadów
17%
1995 Szept serca
17%
1993 Szum morza
17%
1979 Lupin Trzeci: Zamek Cagliostro
0%
2020 Skorek i czarownica
0%
2010 Tajemniczy świat Arrietty
0%
Nie znaleziono quizów pasujących do podanych kryteriów
Rozkład punktacji
Procent ludzi z każdym wynikiem
Percentyl według liczby udzielonych odpowiedzi
Twoja historia wyników
Nie rozwiązałeś tego quizu